00332nam a22001097a 4500082002900000100001800029245007900047260003500126300001600161526003700177650000800214 a796.355bRULcL-32, P-46 aCowlishaw, MG aRules of the game of hockey with note on the rules suggestions to umpires. aEnglandbWhite rose lanec1967 a65 p.bill. a0b0c0d796_355000000000000_RUL aMCE